000 00622nam a2200205 4500
001 116418
003 ES-MaACL
005 20230906190713.0
007 t|
008 061121s1952 sp r ||||1| spa d
100 1 _aParra, Teresa de la.
_989237
245 1 0 _aIfigenia
_b: Diario de una señorita que escribió porque se fastidiaba /
_cTeresa de la Parra.
250 _a[1ª ed.].
260 _aBarcelona :
_bSurco,
_c1952.
300 _a592 p. ;
_c19 cm.
490 1 _aColección Adriana ;
_v13
830 0 _aColección Adriana ;
_v13
_9233308
852 _aES-MaACL
_jD-9079
_bR.34210
999 _c116418
_d116418